Statystyki dla Zwycięscy oskarów 2020

Kliknij tutaj aby rozwiązać quiz!

Ogólne statystyki

  • Ten quiz został rozwiązany 72 razy
  • Średni wynik to 7 z 10

Statystyki odpowiedzi

ZagadnienieOdpowiedź% Poprawnych
Najlepszy aktorJoaquin Phoenix - "Joker"
93%
Najlepszy film nieanglojęzyczny"Parasite"
89%
Najlepszy film"Parasite"
83%
Najlepszy aktor drugoplanowyBrad Pitt - "Pewnego razu... w Hollywood"
79%
Najlepszy reżyserJoon-ho Bong - "Parasite"
79%
Najlepszy scenariusz oryginalnyJoon-ho Bong - "Parasite"
74%
Najlepsza aktorkaRenée Zellweger - "Judy"
64%
Najlepszy scenariusz adaptowanyTaika Waititi - "Jojo Rabbit"
59%
Najlepsza aktorka drugoplanowaLaura Dern - "Historia małżeńska"
54%
Najlepsza muzykaHildur Gudnadóttir - "Joker"
50%

Rozkład punktacji

Percentyl według liczby udzielonych odpowiedzi

Procent ludzi z każdym wynikiem

Twoja historia wyników

Nie rozwiązałeś tego quizu